[Event "Bunratty Masters 2009"]
[Site "Bunratty IRL"]
[Date "2009.02.20"]
[Round "1"]
[White "Ansell, Simon"]
[Black "Tsaboshvili, Lasha"]
[Result "1-0"]
[WhiteTitle "IM"]
[WhiteElo "2404"]
[BlackElo "2014"]
[WhiteNationality "ENG"]
[BlackNationality "GEO"]
[WhiteFideId "402141"]
[BlackFideId "13603345"]
[PlyCount "67"]
[EventDate "2009.02.20"]
[Source "TWIC 746"]

{ Event information: <a
href="http://www.irlchess.com/bunratty2009_allfiles/pairings_bunratty2009.html">Tournament
report</a>. }

1. e4 d6 2. d4 Nf6 3. Nc3 g6 4. Be3 Bg7 5. Qd2 Ng4 6. Bg5 h6 7. Bh4 g5 8.
Bg3 Nc6 9. Nf3 e5 10. dxe5 Ngxe5 11. Nxe5 Nxe5 12. h4 g4 13. O-O-O Be6 14.
Bb5+ Bd7 15. Be2 h5 16. f4 gxf3 17. gxf3 Bc6 18. Bf4 Qe7 19. Rhg1 Ng6 20.
Bg5 Bf6 21. Bb5 Bxb5 22. Nxb5 Bxg5 23. hxg5 a6 24. Qa5 b6 25. Qa3 O-O 26.
Nd4 d5 27. Qxe7 Nxe7 28. exd5 Nxd5 29. Rh1 Ne3 30. Rde1 Rfe8 31. Rxh5 Re5
32. f4 Re4 33. Reh1 Rae8 34. f5 1-0

[Event "Bunratty Masters 2009"]
[Site "Bunratty IRL"]
[Date "2009.02.20"]
[Round "1"]
[White "Baker, Chris W."]
[Black "Daly, Justin"]
[Result "1-0"]
[WhiteTitle "IM"]
[WhiteElo "2351"]
[BlackElo "2003"]
[BlackICU "1895"]
[BlackClub "Kilkenny"]
[WhiteNationality "ENG"]
[BlackNationality "IRL"]
[WhiteFideId "401676"]
[BlackFideId "2500841"]
[PlyCount "73"]
[EventDate "2009.02.20"]
[Source "TWIC 746"]

{ Event information: <a
href="http://www.irlchess.com/bunratty2009_allfiles/pairings_bunratty2009.html">Tournament
report</a>. }

1. e4 c5 2. Nf3 d6 3. c3 Nf6 4. Bd3 e5 5. Bc2 Be7 6. d4 Nbd7 7. O-O O-O 8.
h3 Qc7 9. Nbd2 b6 10. Re1 Bb7 11. dxe5 dxe5 12. Nh4 g6 13. Qf3 Rfe8 14. Nc4
b5 15. Ne3 Bf8 16. a4 a6 17. Ng4 Nxg4 18. hxg4 Qc6 19. g5 Bg7 20. g3 Nf8
21. Be3 Ne6 22. Red1 Red8 23. axb5 axb5 24. Rxa8 Rxa8 25. Qe2 Rd8 26. Rxd8+
Nxd8 27. Qd2 Ne6 28. Nf3 Qc7 29. Nh2 Bf8 30. Ng4 c4 31. Nf6+ Kh8 32. b4
cxb3 33. Bxb3 Bc5 34. Bxe6 Bxe3 35. Qxe3 fxe6 36. Qa7 Qc8 37. Qb6 1-0

[Event "Bunratty Masters 2009"]
[Site "Bunratty IRL"]
[Date "2009.02.20"]
[Round "1"]
[White "Fox, Anthony"]
[Black "Hunt, Adam"]
[Result "0-1"]
[BlackTitle "IM"]
[WhiteElo "2085"]
[BlackElo "2431"]
[WhiteICU "2091"]
[WhiteClub "Dun Laoghaire"]
[WhiteNationality "IRL"]
[BlackNationality "ENG"]
[WhiteFideId "2500736"]
[BlackFideId "403970"]
[PlyCount "64"]
[EventDate "2009.02.20"]
[Source "TWIC 746"]

{ Event information: <a
href="http://www.irlchess.com/bunratty2009_allfiles/pairings_bunratty2009.html">Tournament
report</a>. }

1. e4 c5 2. Nc3 Nc6 3. g3 g6 4. Bg2 Bg7 5. d3 d6 6. Be3 Nf6 7. h3 O-O 8.
Nge2 Rb8 9. O-O b5 10. Qd2 b4 11. Nd1 a5 12. Bh6 Bxh6 13. Qxh6 Nd4 14. Nxd4
cxd4 15. c3 bxc3 16. bxc3 Qb6 17. Qd2 a4 18. Rc1 Ba6 19. c4 Qb4 20. Qxb4
Rxb4 21. f4 Nd7 22. Rf2 Nc5 23. Bf1 Rfb8 24. Rd2 a3 25. Kf2 Bc8 26. Ke1 Bd7
27. g4 Rb1 28. Rxb1 Rxb1 29. Ke2 Ba4 30. Nf2 Nb3 31. axb3 Bxb3 32. Bg2 Rb2
0-1

[Event "Bunratty Masters 2009"]
[Site "Bunratty IRL"]
[Date "2009.02.20"]
[Round "1"]
[White "Heidenfeld, Mark"]
[Black "Yurenok, Maria"]
[Result "1-0"]
[WhiteTitle "IM"]
[BlackTitle "WFM"]
[WhiteElo "2367"]
[BlackElo "2035"]
[WhiteICU "2391"]
[WhiteNationality "IRL"]
[BlackNationality "ENG"]
[WhiteFideId "2500990"]
[BlackFideId "409359"]
[PlyCount "81"]
[EventDate "2009.02.20"]
[Source "TWIC 746"]

{ Event information: <a
href="http://www.irlchess.com/bunratty2009_allfiles/pairings_bunratty2009.html">Tournament
report</a>. }

1. e4 c5 2. Nf3 e6 3. c4 Nc6 4. Nc3 Nf6 5. a3 d5 6. exd5 exd5 7. d4 cxd4 8.
Nxd4 dxc4 9. Nxc6 Qxd1+ 10. Nxd1 bxc6 11. Bxc4 Bd6 12. Bg5 Ne4 13. Be3 O-O
14. f3 Nf6 15. Nc3 a5 16. O-O-O Be5 17. Bd4 Bf4+ 18. Kc2 Bf5+ 19. Bd3 Be6
20. g3 Bc7 21. Bxf6 gxf6 22. Ne4 Be5 23. f4 Bd4 24. Bc4 c5 25. Nd6 Rfd8 26.
Bxe6 fxe6 27. Nc4 a4 28. Rd3 Rab8 29. Rb1 Rd7 30. b3 axb3+ 31. Rdxb3 Rxb3
32. Rxb3 e5 33. a4 Ra7 34. a5 Kf7 35. f5 e4 36. Rb6 Be5 37. Kd2 Rd7+ 38.
Ke2 Ra7 39. Ke3 Bc3 40. a6 Kf8 41. Rb8+ 1-0

[Event "Bunratty Masters 2009"]
[Site "Bunratty IRL"]
[Date "2009.02.20"]
[Round "1"]
[White "Heinrich, Jan"]
[Black "Svidler, Peter"]
[Result "0-1"]
[BlackTitle "GM"]
[WhiteElo "2133"]
[BlackElo "2723"]
[WhiteNationality "SVK"]
[BlackNationality "RUS"]
[WhiteFideId "14902060"]
[BlackFideId "4102142"]
[PlyCount "72"]
[EventDate "2009.02.20"]
[Source "TWIC 746"]

{ Event information: <a
href="http://www.irlchess.com/bunratty2009_allfiles/pairings_bunratty2009.html">Tournament
report</a>. }

1. e4 g6 2. d4 Bg7 3. c4 d6 4. Nc3 Nf6 5. f4 O-O 6. Nf3 c5 7. d5 b5 8. cxb5
a6 9. bxa6 Qa5 10. Bd2 Bxa6 11. Bxa6 Qxa6 12. Qe2 Nfd7 13. Qxa6 Nxa6 14.
O-O Rfb8 15. Rab1 Nb4 16. a4 c4 17. b3 cxb3 18. Rxb3 Nc5 19. Rbb1 Nbd3 20.
Rxb8+ Rxb8 21. Rb1 Ra8 22. Rb5 Bxc3 23. Bxc3 Nxe4 24. Bd4 Nxf4 25. Kf1 f5
26. a5 Kf7 27. g3 Nd3 28. Bb6 Nc1 29. Rb1 Na2 30. Ra1 Nb4 31. Bd4 Ra6 32.
Ne1 Nxd5 33. Nd3 Nd2+ 34. Ke2 Nb3 35. Ra4 Nxd4+ 36. Rxd4 Rxa5 0-1

[Event "Bunratty Masters 2009"]
[Site "Bunratty IRL"]
[Date "2009.02.20"]
[Round "1"]
[White "Keogh, Eamon"]
[Black "Wells, Peter K."]
[Result "0-1"]
[WhiteTitle "NM"]
[BlackTitle "GM"]
[WhiteElo "2092"]
[BlackElo "2513"]
[WhiteICU "2025"]
[WhiteClub "Kilkenny"]
[WhiteNationality "IRL"]
[BlackNationality "ENG"]
[WhiteFideId "2500264"]
[BlackFideId "400327"]
[PlyCount "64"]
[EventDate "2009.02.20"]
[Source "TWIC 746"]

{ Event information: <a
href="http://www.irlchess.com/bunratty2009_allfiles/pairings_bunratty2009.html">Tournament
report</a>. }

1. f4 g6 2. e4 d5 3. exd5 Nf6 4. d4 Qxd5 5. Nc3 Qa5 6. Nf3 Bg7 7. Bd2 O-O
8. Bc4 c5 9. Ne4 Qc7 10. Nxf6+ Bxf6 11. O-O Bg4 12. d5 Bxb2 13. Rb1 Bg7 14.
h3 Bxf3 15. Qxf3 Nd7 16. Rbe1 Qd6 17. f5 Ne5 18. Qe4 Nxc4 19. Qxc4 Rad8 20.
fxg6 fxg6 21. Bf4 Qxd5 22. Qxd5+ Rxd5 23. Rxe7 Bd4+ 24. Kh2 Rdf5 25. Rf3 b5
26. Bh6 Rxf3 27. gxf3 Ra8 28. Kg3 a5 29. Kf4 b4 30. Ke4 Rd8 31. Ra7 Bc3 32.
Rc7 Rd4+ 0-1

[Event "Bunratty Masters 2009"]
[Site "Bunratty IRL"]
[Date "2009.02.20"]
[Round "1"]
[White "McCabe, Darren"]
[Black "Wall, Gavin"]
[Result "0-1"]
[BlackTitle "IM"]
[WhiteElo "2009"]
[BlackElo "2302"]
[WhiteICU "1897"]
[BlackICU "2280"]
[WhiteClub "Rathmines"]
[WhiteNationality "IRL"]
[BlackNationality "IRL"]
[WhiteFideId "2500760"]
[BlackFideId "2501244"]
[PlyCount "66"]
[EventDate "2009.02.20"]
[Source "TWIC 746"]

{ Event information: <a
href="http://www.irlchess.com/bunratty2009_allfiles/pairings_bunratty2009.html">Tournament
report</a>. }

1. e4 e5 2. Nf3 d6 3. d4 exd4 4. Nxd4 Nf6 5. Nc3 Be7 6. Bf4 O-O 7. Qd2 Nc6
8. O-O-O Nxd4 9. Qxd4 Be6 10. f3 Nd7 11. Nd5 Bxd5 12. Qxd5 Bf6 13. g4 Bxb2+
14. Kxb2 Qf6+ 15. e5 Qxf4 16. exd6 Nb6 17. Qe4 Qf6+ 18. c3 cxd6 19. Bd3 g6
20. f4 d5 21. Qd4 Qc6 22. h4 Rac8 23. Rc1 Na4+ 24. Kb3 Nc5+ 25. Kb2 Qb6+
26. Ka1 Qa5 27. Kb2 Rc6 28. Bb1 Rb6+ 29. Kc2 Ne6 30. Qf6 d4 31. h5 Qxc3+
32. Kd1 Qf3+ 33. Kd2 Nxf4 0-1

[Event "Bunratty Masters 2009"]
[Site "Bunratty IRL"]
[Date "2009.02.20"]
[Round "1"]
[White "McGowan, Daniel"]
[Black "Jones, Gawain"]
[Result "0-1"]
[BlackTitle "GM"]
[WhiteElo "2098"]
[BlackElo "2540"]
[WhiteNationality "SCO"]
[BlackNationality "ENG"]
[WhiteFideId "2401479"]
[BlackFideId "409561"]
[PlyCount "68"]
[EventDate "2009.02.20"]
[Source "TWIC 746"]

{ Event information: <a
href="http://www.irlchess.com/bunratty2009_allfiles/pairings_bunratty2009.html">Tournament
report</a>. }

1. e4 e5 2. Nf3 Nc6 3. Bb5 a6 4. Ba4 Nf6 5. O-O Be7 6. d3 b5 7. Bb3 d6 8.
c3 O-O 9. h3 Na5 10. Bc2 c5 11. Nbd2 Qc7 12. Re1 Nc6 13. Nf1 d5 14. Ng3
dxe4 15. dxe4 c4 16. Qe2 Re8 17. a4 Rb8 18. axb5 axb5 19. Nh4 g6 20. Nf3
Nd7 21. Nf1 Nb6 22. Be3 Nd8 23. Bxb6 Qxb6 24. Ne3 Bf8 25. Nd5 Qd6 26. Red1
Bg7 27. b3 cxb3 28. Bxb3 Qc5 29. Ne1 Ne6 30. Nd3 Qf8 31. N3b4 Nf4 32. Qe3
Be6 33. Bc2 Rbc8 34. Nb6 Rxc3 0-1

[Event "Bunratty Masters 2009"]
[Site "Bunratty IRL"]
[Date "2009.02.20"]
[Round "1"]
[White "McPhillips, Karl"]
[Black "Delaney, Rory"]
[Result "1-0"]
[WhiteElo "2220"]
[BlackElo "1921"]
[WhiteICU "2297"]
[BlackICU "1827"]
[WhiteClub "T.C.D."]
[BlackClub "T.C.D."]
[WhiteNationality "IRL"]
[BlackNationality "IRL"]
[WhiteFideId "2501503"]
[BlackFideId "2502208"]
[PlyCount "89"]
[EventDate "2009.02.20"]
[Source "TWIC 746"]

{ Event information: <a
href="http://www.irlchess.com/bunratty2009_allfiles/pairings_bunratty2009.html">Tournament
report</a>. }

1. d4 Nf6 2. c4 c5 3. d5 b5 4. Nf3 g6 5. cxb5 a6 6. b6 Bg7 7. Nc3 Qxb6 8.
e4 d6 9. Be2 O-O 10. Nd2 Nbd7 11. Nc4 Qc7 12. Bf4 Rb8 13. O-O Ne8 14. Rc1
Nb6 15. b3 Nxc4 16. Bxc4 Nf6 17. Qe2 Nd7 18. Bxa6 Qa5 19. Bxc8 Rfxc8 20.
Na4 Nb6 21. Nxb6 Rxb6 22. Rc2 Ra8 23. e5 Qb4 24. Rc4 Qa3 25. exd6 exd6 26.
Re4 Bf8 27. Re8 Rbb8 28. Rxb8 Rxb8 29. Rc1 Rb4 30. Be3 Qa8 31. Qd2 Re4 32.
Rd1 Bg7 33. f3 Rxe3 34. Qxe3 Bd4 35. Rxd4 cxd4 36. Qxd4 Qxa2 37. Qd3 Qa1+
38. Kf2 Qb2+ 39. Kg3 Qe5+ 40. f4 Qe1+ 41. Kf3 Qb4 42. h3 h5 43. g3 Qe1 44.
Kg2 Qb4 45. Kf2 { ... } 1-0

[Event "Bunratty Masters 2009"]
[Site "Bunratty IRL"]
[Date "2009.02.20"]
[Round "1"]
[White "Moran, Stephen"]
[Black "Orr, Mark J. L."]
[Result "1-0"]
[BlackTitle "IM"]
[WhiteElo "1971"]
[BlackElo "2249"]
[WhiteICU "1912"]
[BlackICU "2187"]
[WhiteClub "T.C.D."]
[BlackClub "Wandering Dragons SCO"]
[WhiteNationality "IRL"]
[BlackNationality "IRL"]
[WhiteFideId "2501872"]
[BlackFideId "2500035"]
[PlyCount "89"]
[EventDate "2009.02.20"]
[Source "TWIC 746"]

{ Event information: <a
href="http://www.irlchess.com/bunratty2009_allfiles/pairings_bunratty2009.html">Tournament
report</a>. }

1. d4 Nf6 2. c4 e6 3. Nc3 c5 4. d5 exd5 5. cxd5 d6 6. e4 g6 7. f4 Bg7 8.
Bb5+ Nfd7 9. a4 O-O 10. Nf3 Na6 11. O-O Nb4 12. Be3 a6 13. Bc4 b6 14. Bf2
Ra7 15. Bg3 Nf6 16. h3 Nh5 17. Bh2 Bh6 18. f5 gxf5 19. exf5 Bxf5 20. Ne5
Bg6 21. Nxg6 fxg6 22. Qg4 Ng7 23. Rxf8+ Qxf8 24. Bxd6 Qf5 25. Bb8 Qxg4 26.
hxg4 Rd7 27. Rf1 Ne8 28. d6+ Kh8 29. Be6 Rxd6 30. Bxd6 Nxd6 31. Nd5 Nxd5
32. Bxd5 Kg7 33. Re1 Kf8 34. Re6 Nc8 35. Bb7 Ne7 36. Bxa6 Nd5 37. Rd6 Ne3
38. Rxb6 Nxg4 39. Bc4 Bd2 40. b3 g5 41. Rb7 h5 42. Rd7 h4 43. a5 Ne5 44. a6
Be3+ 45. Kf1 1-0

[Event "Bunratty Masters 2009"]
[Site "Bunratty IRL"]
[Date "2009.02.20"]
[Round "1"]
[White "Oswald, David"]
[Black "Cooper, Lawrence"]
[Result "0-1"]
[BlackTitle "IM"]
[WhiteElo "1998"]
[BlackElo "2313"]
[WhiteNationality "SCO"]
[BlackNationality "ENG"]
[WhiteFideId "2461285"]
[BlackFideId "401536"]
[PlyCount "70"]
[EventDate "2009.02.20"]
[Source "TWIC 746"]

{ Event information: <a
href="http://www.irlchess.com/bunratty2009_allfiles/pairings_bunratty2009.html">Tournament
report</a>. }

1. e4 e5 2. Nf3 Nc6 3. Bc4 Bc5 4. b4 Bxb4 5. c3 Bd6 6. d4 Nf6 7. dxe5 Bxe5
8. Ng5 O-O 9. f4 Bd6 10. e5 Bxe5 11. fxe5 Nxe5 12. Be2 h6 13. Nh3 b6 14.
O-O Bb7 15. Rf5 d6 16. Qf1 Ne4 17. Nf2 Nc5 18. Nd2 g6 19. Rf4 Ne6 20. Rb4
a5 21. Rb2 Nf4 22. Nde4 Nxe2+ 23. Qxe2 f5 24. Bxh6 fxe4 25. Bxf8 Qxf8 26.
Nxe4 Qf4 27. Ng3 Qh4 28. Qc2 Kg7 29. Nf1 Rf8 30. Qe2 Qg5 31. Ng3 Rh8 32.
Re1 Qh4 33. Nf1 Ba6 34. Qf2 Qh6 35. h3 Rf8 0-1

[Event "Bunratty Masters 2009"]
[Site "Bunratty IRL"]
[Date "2009.02.20"]
[Round "1"]
[White "Short, Philip"]
[Black "Galligan, Brian"]
[Result "1-0"]
[WhiteTitle "FM"]
[WhiteElo "2309"]
[BlackElo "2041"]
[BlackICU "1998"]
[WhiteNationality "IRL"]
[BlackNationality "IRL"]
[WhiteFideId "2500086"]
[BlackFideId "2501619"]
[PlyCount "87"]
[EventDate "2009.02.20"]
[Source "TWIC 746"]

{ Event information: <a
href="http://www.irlchess.com/bunratty2009_allfiles/pairings_bunratty2009.html">Tournament
report</a>. }

1. d4 Nf6 2. c4 e6 3. Nf3 d5 4. Bg5 Be7 5. Nc3 Nbd7 6. e3 O-O 7. cxd5 Nxd5
8. Bxe7 Qxe7 9. Nxd5 exd5 10. Qc2 Nf6 11. Bd3 c6 12. O-O Ne4 13. Nd2 Nxd2
14. Qxd2 f5 15. b4 Bd7 16. Rab1 Qg5 17. g3 a6 18. a4 Qf6 19. b5 axb5 20.
axb5 g5 21. bxc6 Bxc6 22. Rfe1 Kh8 23. Bb5 Rf7 24. Bxc6 bxc6 25. Rb6 Rc7
26. Qb2 Rac8 27. Rb8 Qd8 28. Rxc8 Qxc8 29. Qb4 Qe8 30. Ra1 Kg7 31. Ra6 Qd7
32. Ra8 Rc8 33. Rxc8 Qxc8 34. Qe7+ Kg6 35. h4 gxh4 36. gxh4 h6 37. Kf1 Qa6+
38. Kg2 Qd3 39. Qe8+ Kg7 40. Qd7+ Kf8 41. Qxc6 Qe4+ 42. Kf1 Kg7 43. Ke1
Qb1+ 44. Kd2 { ... } 1-0

[Event "Bunratty Masters 2009"]
[Site "Bunratty IRL"]
[Date "2009.02.20"]
[Round "1"]
[White "Williams, Simon"]
[Black "Mendelson, Andrew"]
[Result "1-0"]
[WhiteTitle "GM"]
[WhiteElo "2507"]
[BlackElo "2114"]
[BlackClub "Dublin"]
[WhiteNationality "ENG"]
[BlackNationality "RSA"]
[WhiteFideId "404454"]
[BlackFideId "14300109"]
[PlyCount "75"]
[EventDate "2009.02.20"]
[Source "TWIC 746"]

{ Event information: <a
href="http://www.irlchess.com/bunratty2009_allfiles/pairings_bunratty2009.html">Tournament
report</a>. }

1. d4 Nf6 2. c4 c5 3. d5 e5 4. Nc3 d6 5. g3 Na6 6. Bg2 h5 7. h3 h4 8. g4
Be7 9. e3 Nc7 10. f4 Rb8 11. a4 a6 12. a5 b5 13. axb6 Rxb6 14. Nf3 Nd7 15.
O-O f5 16. gxf5 O-O 17. fxe5 Nxe5 18. Nxe5 dxe5 19. Qh5 Rh6 20. Qg4 Ne8 21.
e4 Rb6 22. Rf2 Nd6 23. Bf1 Rb4 24. Rg2 Rf7 25. Na2 Rb3 26. Bh6 Nxf5 27.
exf5 Bxf5 28. Qd1 Rxh3 29. Nc3 Rxc3 30. bxc3 h3 31. Rxg7+ Rxg7+ 32. Bxg7
Kxg7 33. Qf3 Qd7 34. Rxa6 e4 35. Qg3+ Kf7 36. Be2 Qb7 37. Bh5+ Kf8 38. Ra1
1-0

[Event "Bunratty Masters 2009"]
[Site "Bunratty IRL"]
[Date "2009.02.21"]
[Round "2"]
[White "Benson, Oisin P."]
[Black "Ansell, Simon"]
[Result "0-1"]
[BlackTitle "IM"]
[WhiteElo "1957"]
[BlackElo "2404"]
[WhiteICU "1951"]
[WhiteClub "St. Benildus"]
[WhiteNationality "IRL"]
[BlackNationality "ENG"]
[WhiteFideId "2501821"]
[BlackFideId "402141"]
[PlyCount "64"]
[EventDate "2009.02.20"]
[Source "TWIC 746"]
[WhiteFullName "Benson, Ois&iacute;n P."]

{ Event information: <a
href="http://www.irlchess.com/bunratty2009_allfiles/pairings_bunratty2009.html">Tournament
report</a>. }

1. d4 Nf6 2. c4 c5 3. d5 b5 4. cxb5 a6 5. bxa6 g6 6. Nc3 Bxa6 7. g3 d6 8.
Bg2 Bg7 9. Nf3 Nbd7 10. O-O Nb6 11. Re1 O-O 12. e4 Nfd7 13. Qc2 Nc4 14. b3
Qa5 15. bxc4 Qxc3 16. Qxc3 Bxc3 17. Bh6 Rfb8 18. Nd2 Bxa1 19. Rxa1 Rb2 20.
Bf1 Ne5 21. Kg2 Rc2 22. a4 Nxc4 23. Nxc4 Bxc4 24. a5 Bxf1+ 25. Kxf1 f6 26.
a6 Rb2 27. a7 Rb7 28. Ra6 Kf7 29. Rc6 g5 30. h4 Kg6 31. hxg5 fxg5 32. e5
Kxh6 0-1

[Event "Bunratty Masters 2009"]
[Site "Bunratty IRL"]
[Date "2009.02.21"]
[Round "2"]
[White "Cooper, Lawrence"]
[Black "Lalic, Bogdan"]
[Result "1/2-1/2"]
[WhiteTitle "IM"]
[BlackTitle "GM"]
[WhiteElo "2313"]
[BlackElo "2537"]
[WhiteNationality "ENG"]
[BlackNationality "CRO"]
[WhiteFideId "401536"]
[BlackFideId "409081"]
[PlyCount "32"]
[EventDate "2009.02.20"]
[Source "TWIC 746"]
[BlackFullName "Lali&#263;, Bogdan"]

{ Event information: <a
href="http://www.irlchess.com/bunratty2009_allfiles/pairings_bunratty2009.html">Tournament
report</a>. }

1. e4 e6 2. d4 d5 3. Nd2 c5 4. Ngf3 cxd4 5. exd5 Qxd5 6. Bc4 Qd6 7. O-O Nf6
8. Nb3 Nc6 9. Nbxd4 Nxd4 10. Nxd4 Be7 11. c3 O-O 12. Qf3 Qc7 13. Bd3 Bd7
14. Bg5 Nd5 15. Bxe7 Nxe7 16. Rfe1 Rad8 1/2-1/2

[Event "Bunratty Masters 2009"]
[Site "Bunratty IRL"]
[Date "2009.02.21"]
[Round "2"]
[White "Daly, Justin"]
[Black "McGowan, Daniel"]
[Result "1/2-1/2"]
[WhiteElo "2003"]
[BlackElo "2098"]
[WhiteICU "1895"]
[WhiteClub "Kilkenny"]
[WhiteNationality "IRL"]
[BlackNationality "SCO"]
[WhiteFideId "2500841"]
[BlackFideId "2401479"]
[PlyCount "43"]
[EventDate "2009.02.20"]
[Source "TWIC 746"]

{ Event information: <a
href="http://www.irlchess.com/bunratty2009_allfiles/pairings_bunratty2009.html">Tournament
report</a>. }

1. e4 e6 2. d4 d5 3. Nc3 Bb4 4. e5 c5 5. a3 Bxc3+ 6. bxc3 Ne7 7. Qg4 Kf8 8.
Bd3 Nbc6 9. Nf3 c4 10. Be2 Qa5 11. Bd2 Qa4 12. Ra2 Nf5 13. h4 h5 14. Qh3
Nce7 15. O-O Bd7 16. Rb1 b6 17. g3 Rc8 18. Qf1 Ng6 19. Bg5 Qa5 20. Qe1 Nge7
21. Qd2 Ng8 22. Bf4 1/2-1/2

[Event "Bunratty Masters 2009"]
[Site "Bunratty IRL"]
[Date "2009.02.21"]
[Round "2"]
[White "Delaney, Rory"]
[Black "Fox, Anthony"]
[Result "0-1"]
[WhiteElo "1921"]
[BlackElo "2085"]
[WhiteICU "1827"]
[BlackICU "2091"]
[WhiteClub "T.C.D."]
[BlackClub "Dun Laoghaire"]
[WhiteNationality "IRL"]
[BlackNationality "IRL"]
[WhiteFideId "2502208"]
[BlackFideId "2500736"]
[PlyCount "137"]
[EventDate "2009.02.20"]
[Source "TWIC 746"]

{ Event information: <a
href="http://www.irlchess.com/bunratty2009_allfiles/pairings_bunratty2009.html">Tournament
report</a>. }

1. c4 e6 2. Nc3 d5 3. e3 Nf6 4. Nf3 Be7 5. Be2 O-O 6. O-O b6 7. d4 Bb7 8.
a3 c5 9. Rb1 Nc6 10. Ne5 cxd4 11. Nxc6 Bxc6 12. exd4 dxc4 13. Bxc4 Qc7 14.
Qe2 Rad8 15. Be3 Bd6 16. h3 Qb7 17. f3 Nh5 18. Qe1 Ng3 19. Rf2 Nf5 20. Bg5
Bg3 21. Bxd8 Rxd8 22. Bxe6 Nxd4 23. Bc4 b5 24. Ba2 Qb6 25. Ne4 Bxe4 26.
fxe4 Ne6 27. Kf1 Bxf2 28. Qxf2 Qxf2+ 29. Kxf2 Rd2+ 30. Kg3 g6 31. Bxe6 fxe6
32. Rc1 Rxb2 33. Rc8+ Kg7 34. Rc7+ Kf6 35. Rxa7 h5 36. Rb7 g5 37. a4 Rb3+
38. Kf2 bxa4 39. Ra7 a3 40. Ra5 h4 41. Ke2 Rb2+ 42. Kf3 a2 43. Kg4 Rxg2+
44. Kh5 Re2 45. Ra4 Rxe4 46. Rxa2 Re3 47. Rf2+ Ke5 48. Kxg5 Rxh3 49. Kg4
Rh1 50. Re2+ Kd6 51. Rd2+ Ke7 52. Re2 h3 53. Kg3 Rg1+ 54. Kf3 Rg6 55. Rh2
Rh6 56. Kf4 Kf6 57. Kg4 e5 58. Rf2+ Ke6 59. Rh2 Kd5 60. Kf3 e4+ 61. Ke3 Ke5
62. Ra2 Rd6 63. Ra5+ Rd5 64. Ra8 Rd3+ 65. Ke2 Rb3 66. Re8+ Kf4 67. Rf8+ Kg3
68. Rg8+ Kh2 69. Rg4 { ... } 0-1

[Event "Bunratty Masters 2009"]
[Site "Bunratty IRL"]
[Date "2009.02.21"]
[Round "2"]
[White "Galligan, Brian"]
[Black "Keogh, Eamon"]
[Result "0-1"]
[BlackTitle "NM"]
[WhiteElo "2041"]
[BlackElo "2092"]
[WhiteICU "1998"]
[BlackICU "2025"]
[BlackClub "Kilkenny"]
[WhiteNationality "IRL"]
[BlackNationality "IRL"]
[WhiteFideId "2501619"]
[BlackFideId "2500264"]
[PlyCount "87"]
[EventDate "2009.02.20"]
[Source "TWIC 746"]

{ Event information: <a
href="http://www.irlchess.com/bunratty2009_allfiles/pairings_bunratty2009.html">Tournament
report</a>. }

1. d4 d5 2. Nf3 Nf6 3. c4 c6 4. e3 g6 5. Bd3 dxc4 6. Bxc4 Bg7 7. Qb3 e6 8.
O-O O-O 9. Nc3 Re8 10. e4 b5 11. Be2 a5 12. Qc2 Ba6 13. h3 Nbd7 14. e5 Nd5
15. Ne4 Bf8 16. Bg5 Qb6 17. a3 Rac8 18. Qd2 c5 19. dxc5 Nxc5 20. Nxc5 Bxc5
21. Rac1 b4 22. Bxa6 Qxa6 23. axb4 Bxb4 24. Qd4 Rxc1 25. Rxc1 Rc8 26. Rxc8+
Qxc8 27. Bd2 Qc2 28. Bxb4 axb4 29. Qd2 b3 30. Kh2 Kg7 31. g3 Nb4 32. Qd4
Nd3 33. Kg2 h6 34. h4 Qe2 35. Qe3 Qxe3 36. fxe3 Nxb2 37. Nd4 Nc4 38. Nxb3
Nxe5 39. Nd4 Kf6 40. Kf2 h5 41. e4 Nc4 42. Nc6 e5 43. Nb4 Ke6 44. Nd3 0-1

[Event "Bunratty Masters 2009"]
[Site "Bunratty IRL"]
[Date "2009.02.21"]
[Round "2"]
[White "Hunt, Adam"]
[Black "Moran, Stephen"]
[Result "1-0"]
[WhiteTitle "IM"]
[WhiteElo "2431"]
[BlackElo "1971"]
[BlackICU "1912"]
[BlackClub "T.C.D."]
[WhiteNationality "ENG"]
[BlackNationality "IRL"]
[WhiteFideId "403970"]
[BlackFideId "2501872"]
[PlyCount "63"]
[EventDate "2009.02.20"]
[Source "TWIC 746"]

{ Event information: <a
href="http://www.irlchess.com/bunratty2009_allfiles/pairings_bunratty2009.html">Tournament
report</a>. }

1. e4 e6 2. d4 d5 3. Nc3 Bb4 4. e5 c5 5. a3 Bxc3+ 6. bxc3 Ne7 7. h4 Nbc6 8.
h5 Qa5 9. Bd2 Qa4 10. Nf3 cxd4 11. cxd4 Nxd4 12. Bd3 Nec6 13. Kf1 Nxf3 14.
Qxf3 Qd4 15. Re1 Nxe5 16. Qg3 Nxd3 17. cxd3 Bd7 18. Rh4 Qb2 19. Bb4 a5 20.
Bd6 Rc8 21. Be5 Qxa3 22. Qxg7 Rf8 23. Kg1 Rc1 24. Rxc1 Qxc1+ 25. Kh2 Qc5
26. Rf4 Bb5 27. Qxh7 a4 28. Rf3 a3 29. Qg7 a2 30. h6 d4 31. Bxd4 Qh5+ 32.
Rh3 1-0